نظام الملكية - الملكية الخاصة - الملكية العامة - الملكية التعاونية - الملكية الشائعة - الانتفاع - الارتقاق - الحكر - الحيازة - الالتصاق والميراث - العقد والوصية - الشفعة / (Record no. 27546)
[ view plain ]
| 000 -الفاتح | |
|---|---|
| حقل البيانات ثابتة الطول | 00783nam a2200169Ia 4500 |
| 005 - وقت وتاريخ اخر تعامل مع التسجيلة | |
| رقم الضبط | 20240530101747.0 |
| 008 - عناصر البيانات ثابتة الطول - معلومات عامة | |
| حقل البيانات ثابتة الطول | 140319s9999 xx 000 0 ara d |
| 040 ## - مصدر الفهرسة | |
| وكالة الفهرسة الأصلية | GCL / |
| وكالة النسخ | GCL |
| 082 04 - رقم تصنيف ديوى العشرى | |
| رقم التصنيف | 346.04 |
| رقم المادة | م ن |
| 100 1# - المدخل الرئيسى - إسم شخصى | |
| رمز الرابط | مصطفى محمد الجمال |
| 245 10 - بيان العنوان | |
| العنوان | نظام الملكية - الملكية الخاصة - الملكية العامة - الملكية التعاونية - الملكية الشائعة - الانتفاع - الارتقاق - الحكر - الحيازة - الالتصاق والميراث - العقد والوصية - الشفعة / |
| بيان المسئوليه,etc | مصطفى محمد الجمال |
| 300 ## - الوصف المادى | |
| التعداد | 463 ص |
| 490 ## - بيان السلسلة | |
| عنوان السلسلة | الكتب القانونية |
| رقم المجلد/ التعيين التسلسلي | 0 |
| 942 ## - عناصر المدخل الإضافي( كوها) | |
| مصدر التصنيف او مخطط الترفيف | Dewey Decimal Classification |
| Koha [default] item type | كتاب |
| 260 ## - PUBLICATION, DISTRIBUTION, ETC. (IMPRINT) | |
| -- | [ الاسكندرية ] : |
| -- | منشأة المعارف ، |
| حالة التراجع | حالة الفقد | حالة تلف | ليس للاعارة | المكان المؤقت | الموقع الحالى | تاريخ الاكتساب | اجمالي اﻻعارات | رقم الطلب | الباركود | تاريخ اخر مشاهدة | تاريخ تفعيل السعر | نوع وعاء كوها |
|---|---|---|---|---|---|---|---|---|---|---|---|---|
| مكتبة القاهرة الكبرى | مكتبة القاهرة الكبرى | 03/26/2014 | 346.04\م ن | 62637 | 03/26/2014 | 03/26/2014 | كتاب |

